[Event "2. Bundesliga West 2017/18"]
[Site "Eisengasse 19a, 6850 Dornbirn"]
[Date "2017.10.13"]
[Round "1"]
[Board "5"]
[White "Ruescher, Christian"]
[Black "Kranz, Armin"]
[Result "1/2-1/2"]
[WhiteElo "2068"]
[BlackElo "2052"]
[PlyCount "69"]
[EventDate "2017.10.13"]
[EventType "team"]
[EventRounds "11"]
[EventCountry "AUT"]
[WhiteTeam "Dornbirn"]
[BlackTeam "Goetzis 2"]

1. e4 e5 2. Nf3 Nc6 3. Bb5 g6 4. d4 exd4 5. Bg5 Be7 6. Bxe7 Qxe7 7. Bxc6 dxc6
8. Qxd4 Nf6 9. O-O O-O 10. e5 Nh5 11. Nbd2 Rd8 12. Qe3 Bg4 13. h3 Bxf3 14. Nxf3
Ng7 15. Rad1 c5 16. Rxd8+ Rxd8 17. Re1 b6 18. c3 Qe6 19. Qh6 Nf5 20. Qg5 Rd7
21. g4 Qd5 22. gxf5 Qxf3 23. e6 Rd1 24. exf7+ Kxf7 25. Qe7+ Kg8 26. Qe8+ Kg7
27. f6+ Kh6 28. Qf8+ Kg5 29. h4+ Kxh4 30. Rxd1 Qxd1+ 31. Kh2 Qf3 32. Kg1 Qd1+
33. Kh2 Qf3 34. Kg1 Qd1+ 35. Kh2  1/2-1/2

[Event "2. Bundesliga West 2017/18"]
[Site "Eisengasse 19a, 6850 Dornbirn"]
[Date "2017.10.13"]
[Round "1"]
[Board "6"]
[White "Ferk, Martin"]
[Black "Wuerth, Thomas"]
[Result "1-0"]
[WhiteElo "1906"]
[BlackElo "1923"]
[PlyCount "41"]
[EventDate "2017.10.13"]
[EventType "team"]
[EventRounds "11"]
[EventCountry "AUT"]
[WhiteTeam "Goetzis 2"]
[BlackTeam "Dornbirn"]

1. d4 Nf6 2. c4 e6 3. Nc3 d5 4. Bg5 Nbd7 5. e3 Bb4 6. Qc2 h6 7. Bh4 O-O 8. a3
Bxc3+ 9. Qxc3 g5 10. Bg3 Ne4 11. Qc2 c6 12. f3 Nxg3 13. hxg3 Kg7 14. Bd3 dxc4
15. Bxc4 Nb6 16. Bd3 Nd5 17. Kf2 f5 18. Ne2 Qd6 19. Qc5 Qc7 20. Rxh6 b6 21.
Rh7+  1-0

[Event "2. Bundesliga West 2017/18"]
[Site "5202 Neumarkt am Wallersee"]
[Date "2017.10.13"]
[Round "1"]
[Board "1"]
[White "Krivoborodov, Egor"]
[Black "Zelbel, Patrick"]
[Result "1-0"]
[WhiteElo "2542"]
[BlackElo "2455"]
[PlyCount "71"]
[EventDate "2017.10.13"]
[EventType "team"]
[EventRounds "11"]
[EventCountry "AUT"]
[WhiteTeam "ASK Salzburg"]
[BlackTeam "Kufstein/Woergl"]

1. Nf3 Nf6 2. g3 g6 3. Bg2 Bg7 4. O-O O-O 5. c4 d6 6. d4 Nc6 7. Nc3 e5 8. dxe5
Nxe5 9. Nxe5 dxe5 10. Qxd8 Rxd8 11. Bg5 Rd7 12. h3 c6 13. Na4 h6 14. Be3 e4 15.
Rad1 b6 16. Nc3 Rxd1 17. Rxd1 Be6 18. b3 Rc8 19. Nxe4 Nxe4 20. Bxe4 Bxh3 21. c5
bxc5 22. Bxc5 Be6 23. Rd2 a6 24. Rc2 Bd5 25. Bd3 Rd8 26. Bxa6 Be4 27. Bd3 Bxd3
28. exd3 Rxd3 29. Be3 Rd1+ 30. Kg2 Ra1 31. a4 Ra3 32. Rxc6 Rxb3 33. a5 Rb8 34.
a6 Ra8 35. a7 Be5 36. f4  1-0

[Event "2. Bundesliga West 2017/18"]
[Site "5202 Neumarkt am Wallersee"]
[Date "2017.10.13"]
[Round "1"]
[Board "2"]
[White "Koepke, Christian"]
[Black "Frank, Emanuel"]
[Result "1-0"]
[WhiteElo "2290"]
[BlackElo "2165"]
[PlyCount "83"]
[EventDate "2017.10.13"]
[EventType "team"]
[EventRounds "11"]
[EventCountry "AUT"]
[WhiteTeam "Kufstein/Woergl"]
[BlackTeam "ASK Salzburg"]

1. d4 Nf6 2. Bg5 e6 3. Nd2 h6 4. Bh4 c5 5. e4 cxd4 6. e5 g5 7. Bg3 Nd5 8. h4
Nc6 9. hxg5 Qxg5 10. Ngf3 Qg7 11. Bd3 b6 12. Qe2 Bb7 13. O-O-O O-O-O 14. Nb3
Be7 15. Be4 Ndb4 16. a3 d3 17. Bxd3 Nxd3+ 18. Qxd3 Kb8 19. Nbd2 Ka8 20. Ne4 Qg6
21. Rhe1 h5 22. Nd6 h4 23. Qxg6 fxg6 24. Bf4 Rhf8 25. Bh6 Rg8 26. Nf7 Rde8 27.
Rxd7 Bc5 28. Be3 Nb8 29. Rxb7 Bxe3+ 30. Rxe3 Kxb7 31. Nd6+ Kc7 32. Nxe8+ Rxe8
33. Nxh4 g5 34. Nf3 g4 35. Nh2 Rg8 36. Rg3 Nc6 37. Rxg4 Rh8 38. Rg7+ Kb8 39.
Ng4 Rh1+ 40. Kd2 Rg1 41. Ne3 Nxe5 42. Re7  1-0

[Event "2. Bundesliga West 2017/18"]
[Site "5202 Neumarkt am Wallersee"]
[Date "2017.10.13"]
[Round "1"]
[Board "3"]
[White "Besner, Bernhard"]
[Black "Levushkina, Elena"]
[Result "0-1"]
[WhiteElo "2157"]
[BlackElo "2309"]
[PlyCount "100"]
[EventDate "2017.10.13"]
[EventType "team"]
[EventRounds "11"]
[EventCountry "AUT"]
[WhiteTeam "ASK Salzburg"]
[BlackTeam "Kufstein/Woergl"]

1. e4 e5 2. Nf3 Nc6 3. Bc4 Bc5 4. b4 Bxb4 5. c3 Ba5 6. d4 exd4 7. O-O dxc3 8.
Qb3 Qe7 9. Nxc3 Bxc3 10. Qxc3 f6 11. Ba3 d6 12. e5 Nxe5 13. Nxe5 fxe5 14. f4 e4
15. Rab1 Nf6 16. Bb5+ Kf8 17. Rbc1 c5 18. Rfd1 b6 19. Bc6 Rb8 20. Qd2 Bb7 21.
Ba4 d5 22. Qe3 Kf7 23. Bb2 Rhd8 24. Be5 Rbc8 25. Bb3 Kf8 26. Qh3 Qf7 27. Rc3 h6
28. g4 Nd7 29. Bd6+ Kg8 30. g5 h5 31. Re3 c4 32. Ba4 Nc5 33. Be5 g6 34. Bc2 Qe6
35. Qg3 Rf8 36. Ra3 a6 37. Rc3 Nd3 38. Bf6 Qg4 39. Bxd3 Qxd1+ 40. Bf1 Qg4 41.
Qxg4 hxg4 42. h3 Rxf6 43. gxf6 Kf7 44. hxg4 Kxf6 45. Kf2 Rh8 46. g5+ Ke7 47.
Kg3 b5 48. f5 gxf5 49. Kf4 d4 50. Rg3 c3  0-1

[Event "2. Bundesliga West 2017/18"]
[Site "5202 Neumarkt am Wallersee"]
[Date "2017.10.13"]
[Round "1"]
[Board "4"]
[White "Blaskowski, Johannes"]
[Black "Juergens, Klaus"]
[Result "1-0"]
[WhiteElo "2269"]
[BlackElo "2102"]
[PlyCount "61"]
[EventDate "2017.10.13"]
[EventType "team"]
[EventRounds "11"]
[EventCountry "AUT"]
[WhiteTeam "Kufstein/Woergl"]
[BlackTeam "ASK Salzburg"]

1. e4 c5 2. Nf3 g6 3. d4 cxd4 4. Nxd4 Bg7 5. Nc3 Nc6 6. Be3 Nf6 7. Bc4 O-O 8.
Bb3 d6 9. f3 Bd7 10. Qd2 Nxd4 11. Bxd4 b5 12. h4 h5 13. a3 Bc6 14. Rd1 Nd7 15.
Bxg7 Kxg7 16. Qd4+ f6 17. Ne2 Qb6 18. Nf4 Qxd4 19. Ne6+ Kh6 20. Rxd4 Rac8 21.
c3 Nb6 22. g4 hxg4 23. fxg4 Bd7 24. g5+ Kh7 25. gxf6 exf6 26. Rxd6 Bxe6 27.
Bxe6 Rce8 28. h5 Nc4 29. Rd7+ Kh6 30. hxg6+ Kg5 31. Bd5  1-0

[Event "2. Bundesliga West 2017/18"]
[Site "5202 Neumarkt am Wallersee"]
[Date "2017.10.13"]
[Round "1"]
[Board "5"]
[White "Scheiblmaier, Robert"]
[Black "Neuschmied, Siegfried"]
[Result "1/2-1/2"]
[WhiteElo "2183"]
[BlackElo "2155"]
[PlyCount "71"]
[EventDate "2017.10.13"]
[EventType "team"]
[EventRounds "11"]
[EventCountry "AUT"]
[WhiteTeam "ASK Salzburg"]
[BlackTeam "Kufstein/Woergl"]

1. d4 Nf6 2. c4 e6 3. g3 d5 4. Bg2 dxc4 5. Nf3 a6 6. O-O Nc6 7. Nc3 Rb8 8. a4
Be7 9. e3 Na5 10. Ne5 c5 11. Qe2 Qc7 12. Nxc4 cxd4 13. Nxa5 dxc3 14. Nb3 O-O
15. bxc3 Qxc3 16. Rb1 Bd7 17. Bb2 Qb4 18. Be5 Qxa4 19. Nd4 Rbc8 20. Bxb7 Rc5
21. Ra1 Qc4 22. Qxc4 Rxc4 23. Rxa6 Ng4 24. Bd6 Bxd6 25. Rxd6 Bc8 26. Rc6 Rxd4
27. Rxc8 Rxc8 28. Bxc8 Rd2 29. h3 Ne5 30. Bb7 g6 31. Kg2 Kg7 32. Ba6 Ra2 33.
Bb5 Rb2 34. Ba6 Ra2 35. Bb5 Rb2 36. Ba6  1/2-1/2

[Event "2. Bundesliga West 2017/18"]
[Site "5202 Neumarkt am Wallersee"]
[Date "2017.10.13"]
[Round "1"]
[Board "6"]
[White "Steinbacher, Thomas"]
[Black "Herrmann, Michael"]
[Result "1/2-1/2"]
[WhiteElo "2095"]
[BlackElo "2079"]
[PlyCount "63"]
[EventDate "2017.10.13"]
[EventType "team"]
[EventRounds "11"]
[EventCountry "AUT"]
[WhiteTeam "Kufstein/Woergl"]
[BlackTeam "ASK Salzburg"]

1. d4 d5 2. Nc3 Nf6 3. Bg5 Bf5 4. f3 c6 5. Qd2 Nbd7 6. O-O-O h6 7. Bh4 g5 8.
Bf2 e6 9. g4 Bg6 10. h4 gxh4 11. Bxh4 Be7 12. Bg3 h5 13. e3 Qa5 14. Bd3 O-O-O
15. Bxg6 fxg6 16. gxh5 Nxh5 17. Be1 Qa6 18. Qd3 Qxd3 19. cxd3 Rdf8 20. Rd2 e5
21. dxe5 Nxe5 22. Rh3 Ng7 23. Rxh8 Rxh8 24. Bg3 Rh1 25. Bxe5 Rxg1+ 26. Rd1
Rxd1+ 27. Kxd1 Ne6 28. e4 dxe4 29. dxe4 Kd7 30. Ke2 Bg5 31. Kf2 Nf4 32. Bxf4
 1/2-1/2

[Event "2. Bundesliga West 2017/18"]
[Site "5202 Neumarkt am Wallersee"]
[Date "2017.10.13"]
[Round "1"]
[Board "1"]
[White "Riediger, Martin"]
[Black "Hertneck, Gerald"]
[Result "1/2-1/2"]
[WhiteElo "2288"]
[BlackElo "2498"]
[PlyCount "180"]
[EventDate "2017.10.13"]
[EventType "team"]
[EventRounds "11"]
[EventCountry "AUT"]
[WhiteTeam "Ranshofen"]
[BlackTeam "Sparkasse Neumarkt"]

1. d4 Nf6 2. Nf3 g6 3. Bf4 Bg7 4. e3 O-O 5. Nbd2 d6 6. h3 c5 7. c3 Nc6 8. Be2
b6 9. O-O Bb7 10. Bh2 Qd7 11. a3 Rac8 12. Re1 Rfd8 13. e4 cxd4 14. cxd4 d5 15.
e5 Ne8 16. b4 Nc7 17. Nb3 Bh6 18. b5 Nb8 19. a4 Ne6 20. Qd3 a5 21. Nfd2 Rc7 22.
Rac1 Rdc8 23. Rxc7 Rxc7 24. Rc1 Rxc1+ 25. Nxc1 Qc7 26. Ncb3 Nd7 27. Bg3 Ndf8
28. Nb1 Nf4 29. Bxf4 Bxf4 30. Qc3 Qd8 31. g3 Bh6 32. f4 f5 33. h4 Ne6 34. N3d2
Bf8 35. Nf3 Ng7 36. Kf2 e6 37. Nbd2 h6 38. Nb1 Be7 39. Qc1 Kf7 40. Nbd2 Qd7 41.
Nb3 Ke8 42. Ne1 Bd8 43. Nd3 Qe7 44. Bf3 Bc7 45. Ke2 Kd8 46. Kf2 Kc8 47. Ke2 Kb8
48. Kd2 g5 49. hxg5 hxg5 50. Ke3 g4 51. Bg2 Nh5 52. Kf2 Bd8 53. Qh1 Qf7 54.
Nbc1 Bc8 55. Ne2 Bd7 56. Qc1 Be8 57. Qc3 Qe7 58. Ndc1 Ng7 59. Nd3 Bd7 60. Ke3
Ne8 61. Qc1 Nc7 62. Nc3 Qh7 63. Qh1 Qg7 64. Qh5 Be7 65. Qh1 Qf8 66. Qc1 Bb4 67.
Na2 Ba3 68. Qb1 Qh8 69. Qh1 Qc8 70. Qe1 Nxb5 71. axb5 Bxb5 72. Nc3 Bc4 73. Bf1
b5 74. Qa1 b4 75. Nc5 bxc3 76. Qxa3 Bxf1 77. Qxa5 Qc6 78. Qd8+ Ka7 79. Qa5+ Ba6
80. Nxa6 Qxa6 81. Qc7+ Ka8 82. Qd8+ Kb7 83. Qd7+ Kb8 84. Qe8+ Qc8 85. Qb5+ Kc7
86. Qc5+ Kd7 87. Qxc8+ Kxc8 88. Kd3 Kb7 89. Kxc3 Ka6 90. Kb4 Kb6  1/2-1/2

[Event "2. Bundesliga West 2017/18"]
[Site "5202 Neumarkt am Wallersee"]
[Date "2017.10.13"]
[Round "1"]
[Board "2"]
[White "Manakov, Ilya"]
[Black "Knechtel, Roland"]
[Result "1/2-1/2"]
[WhiteElo "2376"]
[BlackElo "2245"]
[PlyCount "57"]
[EventDate "2017.10.13"]
[EventType "team"]
[EventRounds "11"]
[EventCountry "AUT"]
[WhiteTeam "Sparkasse Neumarkt"]
[BlackTeam "Ranshofen"]

1. Nf3 d5 2. g3 c5 3. Bg2 Nc6 4. d4 e6 5. O-O Nf6 6. c4 dxc4 7. dxc5 Qxd1 8.
Rxd1 Bxc5 9. Nbd2 c3 10. bxc3 Bd7 11. Nb3 Be7 12. c4 Rc8 13. Bb2 b6 14. Rac1
Nb4 15. Nbd4 Ba4 16. Rf1 O-O 17. a3 Nc6 18. Nb5 Na5 19. Nxa7 Rc7 20. Nb5 Rxc4
21. Nbd4 Bc5 22. e3 h6 23. Ne5 Rxc1 24. Rxc1 Rd8 25. Nd3 Bd6 26. Nb4 Bc5 27.
Nd3 Bd6 28. Nb4 Bc5 29. Nd3  1/2-1/2

[Event "2. Bundesliga West 2017/18"]
[Site "5202 Neumarkt am Wallersee"]
[Date "2017.10.13"]
[Round "1"]
[Board "3"]
[White "Kuecher, Wolfgang"]
[Black "Eichler, Christoph"]
[Result "0-1"]
[WhiteElo "2123"]
[BlackElo "2286"]
[PlyCount "78"]
[EventDate "2017.10.13"]
[EventType "team"]
[EventRounds "11"]
[EventCountry "AUT"]
[WhiteTeam "Ranshofen"]
[BlackTeam "Sparkasse Neumarkt"]

1. d4 d5 2. Nf3 Nf6 3. c4 e6 4. e3 c5 5. Nc3 a6 6. dxc5 Bxc5 7. cxd5 exd5 8.
Be2 Nc6 9. O-O O-O 10. Nd4 Bxd4 11. exd4 Qb6 12. Be3 Qxb2 13. Na4 Qb4 14. Rb1
Qe7 15. Nb6 Bf5 16. Nxa8 Bxb1 17. Qxb1 Rxa8 18. Bf3 h6 19. Qf5 Qe6 20. Qf4 Rc8
21. h4 Ne7 22. h5 Nf5 23. Bd2 Rc4 24. Re1 Qc8 25. Be3 Nxe3 26. Qxe3 Rc2 27. Qb3
Qc3 28. Qxc3 Rxc3 29. Re5 Rc2 30. Bxd5 Rc1+ 31. Kh2 Ng4+ 32. Kg3 Nxe5 33. dxe5
b5 34. f4 Rc5 35. Be4 b4 36. Kf3 Ra5 37. Bb1 Ra3+ 38. Ke2 a5 39. Kd2 Kf8  0-1

[Event "2. Bundesliga West 2017/18"]
[Site "5202 Neumarkt am Wallersee"]
[Date "2017.10.13"]
[Round "1"]
[Board "4"]
[White "Wuppinger, Manfred"]
[Black "Doppelhammer, Herbert"]
[Result "1/2-1/2"]
[WhiteElo "2066"]
[BlackElo "2017"]
[PlyCount "62"]
[EventDate "2017.10.13"]
[EventType "team"]
[EventRounds "11"]
[EventCountry "AUT"]
[WhiteTeam "Sparkasse Neumarkt"]
[BlackTeam "Ranshofen"]

1. e4 e5 2. Nf3 Nc6 3. Bc4 Nf6 4. Ng5 d5 5. exd5 Na5 6. Bb5+ Bd7 7. Bxd7+ Qxd7
8. Nc3 Nxd5 9. Nxd5 Qxd5 10. Qf3 Qxf3 11. Nxf3 Nc6 12. O-O Bc5 13. d3 f6 14.
Bd2 Nd4 15. Nxd4 Bxd4 16. Be3 O-O-O 17. Bxd4 Rxd4 18. Rae1 Rhd8 19. Re3 c5 20.
Rfe1 h5 21. Re4 g5 22. h3 b5 23. b3 Kc7 24. Kf1 Kc6 25. Ke2 Rxe4+ 26. dxe4 Rd4
27. f3 h4 28. c3 Rd8 29. Rd1 Rb8 30. Rd5 a5 31. Kd3 Rb7  1/2-1/2

[Event "2. Bundesliga West 2017/18"]
[Site "5202 Neumarkt am Wallersee"]
[Date "2017.10.13"]
[Round "1"]
[Board "5"]
[White "Bensch, Patrick"]
[Black "Egger, Martin"]
[Result "1-0"]
[WhiteElo "2200"]
[BlackElo "2065"]
[PlyCount "107"]
[EventDate "2017.10.13"]
[EventType "team"]
[EventRounds "11"]
[EventCountry "AUT"]
[WhiteTeam "Ranshofen"]
[BlackTeam "Sparkasse Neumarkt"]

1. e4 e5 2. Nf3 Nc6 3. Bb5 a6 4. Ba4 Nf6 5. O-O Be7 6. Re1 b5 7. Bb3 O-O 8. h3
Bb7 9. d3 d6 10. a3 Qd7 11. Nc3 Rfe8 12. Ng5 Nd8 13. f4 h6 14. Nf3 exf4 15.
Bxf4 Ne6 16. Be3 c5 17. Nd5 Nxd5 18. exd5 Ng5 19. Nxg5 Bxg5 20. Bxg5 Rxe1+ 21.
Qxe1 hxg5 22. Qg3 Re8 23. Qxg5 Re5 24. Qf4 Qe7 25. Rf1 c4 26. dxc4 Re4 27. Qf5
bxc4 28. Ba4 Re5 29. Qd7 Qxd7 30. Bxd7 Bxd5 31. Rd1 Kf8 32. Bc8 a5 33. Rd4 Ke7
34. Kf2 f5 35. Ba6 g5 36. Bxc4 Bc6 37. g3 Rc5 38. b4 axb4 39. axb4 Re5 40. Bd3
Kd7 41. c4 Kc7 42. h4 gxh4 43. gxh4 Bd7 44. Rf4 Re7 45. h5 Rh7 46. Rh4 Rh6 47.
Kg3 Be8 48. Be2 Bf7 49. Kf4 Re6 50. Bd3 Re8 51. h6 Bg6 52. h7 Rh8 53. Bxf5 Bf7
54. Kg5  1-0

[Event "2. Bundesliga West 2017/18"]
[Site "5202 Neumarkt am Wallersee"]
[Date "2017.10.13"]
[Round "1"]
[Board "6"]
[White "Baier, Patrick"]
[Black "Stadler, Alexander"]
[Result "1/2-1/2"]
[WhiteElo "2024"]
[BlackElo "2112"]
[PlyCount "143"]
[EventDate "2017.10.13"]
[EventType "team"]
[EventRounds "11"]
[EventCountry "AUT"]
[WhiteTeam "Sparkasse Neumarkt"]
[BlackTeam "Ranshofen"]

1. e4 d6 2. Nf3 Nf6 3. Nc3 e5 4. d4 Nbd7 5. Be2 Be7 6. O-O c6 7. a4 a5 8. h3
O-O 9. Be3 Re8 10. dxe5 dxe5 11. Bc4 h6 12. Qe2 Qc7 13. Nd2 Nf8 14. f4 exf4 15.
Rxf4 Ng6 16. Rf2 Ne5 17. Raf1 Nxc4 18. Nxc4 Be6 19. Bf4 Bxc4 20. Qxc4 Qb6 21.
Kh2 Qb4 22. Qa2 Bd6 23. g3 Bxf4 24. Rxf4 Qd6 25. Qc4 Qe6 26. Qc5 Nd7 27. Qf5
Ne5 28. Qxe6 Rxe6 29. Rd1 Rae8 30. b3 g5 31. Rf5 g4 32. Kg2 Kg7 33. hxg4 Nxg4
34. Kf3 Ne5+ 35. Ke3 Rg6 36. Ne2 Ng4+ 37. Kf4 Nf6 38. e5 Nd5+ 39. Ke4 Rge6 40.
c4 Ne7 41. Rh5 Ng6 42. Nf4 Rxe5+ 43. Rxe5 Rxe5+ 44. Kf3 Nxf4 45. Kxf4 Re7 46.
Rd3 Kg6 47. Rd8 f6 48. Rg8+ Rg7 49. Ra8 Rd7 50. Rxa5 Rd3 51. b4 Rd4+ 52. Ke3
Rxc4 53. b5 cxb5 54. Rxb5 Rc7 55. a5 h5 56. Kf4 Rc4+ 57. Kf3 Ra4 58. Ke3 f5 59.
Rxb7 Rxa5 60. Kf4 Ra4+ 61. Kf3 Ra1 62. Rb8 Kf6 63. Rh8 Ra3+ 64. Kf2 Ra2+ 65.
Kf3 Rh2 66. Kf4 Kg7 67. Ra8 Rf2+ 68. Kg5 Rf3 69. Ra7+ Kf8 70. Kh4 f4 71. gxf4
Rxf4+ 72. Kxh5  1/2-1/2

[Event "2. Bundesliga West 2017/18"]
[Site "Tirol"]
[Date "2017.10.14"]
[Round "2"]
[Board "1"]
[White "Bilchinski, Anton"]
[Black "Michalik, Peter"]
[Result "0-1"]
[WhiteElo "2295"]
[BlackElo "2546"]
[PlyCount "84"]
[EventDate "2017.10.13"]
[EventType "team"]
[EventRounds "11"]
[EventCountry "AUT"]
[WhiteTeam "Pradl"]
[BlackTeam "Zillertal"]

1. d4 Nf6 2. c4 e6 3. Nc3 Bb4 4. Qc2 b6 5. a3 Bxc3+ 6. Qxc3 Bb7 7. f3 O-O 8.
Bg5 d6 9. e3 Nbd7 10. Bd3 e5 11. Ne2 e4 12. fxe4 Qe8 13. Bxf6 Nxf6 14. O-O Nxe4
15. Bxe4 Qxe4 16. d5 Rae8 17. Rf3 Bc8 18. Nd4 Bd7 19. Raf1 Re7 20. b4 Rfe8 21.
b5 Qe5 22. Qd2 Qg5 23. Qf2 f6 24. Rg3 Qe5 25. Qd2 Kh8 26. a4 Qh5 27. Qd3 Qh6
28. Rff3 Re5 29. h3 Qh4 30. Kh2 Re4 31. Qc3 Qh5 32. Qd3 Qe5 33. Ne2 g5 34. Nc3
f5 35. Kg1 Qg7 36. Rf1 R4e5 37. Rgf3 h5 38. Nd1 g4 39. hxg4 hxg4 40. Rf4 Qh6
41. Qd4 Kg8 42. Re1 Re4  0-1

[Event "2. Bundesliga West 2017/18"]
[Site "Tirol"]
[Date "2017.10.14"]
[Round "2"]
[Board "2"]
[White "Lanka, Zigurds"]
[Black "Eybl, Alexander"]
[Result "1-0"]
[WhiteElo "2426"]
[BlackElo "2270"]
[PlyCount "67"]
[EventDate "2017.10.13"]
[EventType "team"]
[EventRounds "11"]
[EventCountry "AUT"]
[WhiteTeam "Zillertal"]
[BlackTeam "Pradl"]

1. e4 c5 2. Nf3 d6 3. d4 cxd4 4. Nxd4 Nf6 5. Nc3 a6 6. Be3 e5 7. Nb3 Be6 8. h3
Be7 9. f4 exf4 10. Bxf4 Nc6 11. Qe2 Nd7 12. O-O-O Nde5 13. Kb1 O-O 14. g4 b5
15. Nd5 Re8 16. Qg2 Rb8 17. g5 a5 18. h4 a4 19. Nc1 b4 20. Be2 Qa5 21. Nf6+ Kh8
22. Nxe8 Rxe8 23. Be3 b3 24. cxb3 axb3 25. a3 Ra8 26. Rd5 Bxd5 27. exd5 Nb4 28.
Bd2 Qxd5 29. Qxd5 Nxd5 30. Nxb3 Ra4 31. h5 f5 32. Rc1 Kg8 33. g6 hxg6 34. hxg6
 1-0

[Event "2. Bundesliga West 2017/18"]
[Site "Tirol"]
[Date "2017.10.14"]
[Round "2"]
[Board "3"]
[White "Doskocil, Klaus"]
[Black "Hausner, Ivan"]
[Result "1/2-1/2"]
[WhiteElo "2239"]
[BlackElo "2321"]
[PlyCount "63"]
[EventDate "2017.10.13"]
[EventType "team"]
[EventRounds "11"]
[EventCountry "AUT"]
[WhiteTeam "Pradl"]
[BlackTeam "Zillertal"]

1. e4 e6 2. d3 c5 3. g3 g6 4. Bg2 Bg7 5. Ne2 Nc6 6. O-O d6 7. c4 Nge7 8. Nbc3
O-O 9. Be3 Nd4 10. Qd2 Nec6 11. f4 Rb8 12. Rab1 Bd7 13. g4 f5 14. gxf5 exf5 15.
Ng3 a6 16. Kh1 Kh8 17. Nd5 a5 18. b3 b5 19. cxb5 Rxb5 20. Bf2 Nb4 21. Nc3 Rb8
22. Rbe1 Qb6 23. exf5 Nxf5 24. Nxf5 Bxf5 25. Be4 Rbe8 26. Bh4 Qa6 27. Rf3 Be6
28. a3 d5 29. axb4 dxe4 30. dxe4 cxb4 31. Nd5 Qb7 32. Rd3  1/2-1/2

[Event "2. Bundesliga West 2017/18"]
[Site "Tirol"]
[Date "2017.10.14"]
[Round "2"]
[Board "4"]
[White "Platzgummer, Fabian"]
[Black "Everett, Elijah"]
[Result "1/2-1/2"]
[WhiteElo "2343"]
[BlackElo "2190"]
[PlyCount "67"]
[EventDate "2017.10.13"]
[EventType "team"]
[EventRounds "11"]
[EventCountry "AUT"]
[WhiteTeam "Zillertal"]
[BlackTeam "Pradl"]

1. Nf3 Nf6 2. g3 g6 3. b3 Bg7 4. Bb2 O-O 5. Bg2 d6 6. d4 e5 7. dxe5 Ng4 8. h3
Nxe5 9. Nxe5 dxe5 10. Qxd8 Rxd8 11. Nd2 Na6 12. O-O-O Rb8 13. Nc4 Re8 14. Rd2
e4 15. Rhd1 Be6 16. Ne3 f5 17. Bxg7 Kxg7 18. Nd5 c6 19. Nf4 Bf7 20. e3 Nb4 21.
Kb2 Nd5 22. h4 Kf6 23. Bf1 Nb6 24. Kc3 Ke7 25. Bh3 h5 26. Bg2 Rbd8 27. Kb4 Rxd2
28. Rxd2 Rd8 29. Rxd8 Kxd8 30. f3 exf3 31. Bxf3 Ke7 32. e4 fxe4 33. Bxe4 Kf6
34. c4  1/2-1/2

[Event "2. Bundesliga West 2017/18"]
[Site "Tirol"]
[Date "2017.10.14"]
[Round "2"]
[Board "5"]
[White "Matt, Stefan"]
[Black "Tabernig, Bernhard"]
[Result "1-0"]
[WhiteElo "2151"]
[BlackElo "2328"]
[PlyCount "83"]
[EventDate "2017.10.13"]
[EventType "team"]
[EventRounds "11"]
[EventCountry "AUT"]
[WhiteTeam "Pradl"]
[BlackTeam "Zillertal"]

1. e4 e6 2. d4 d5 3. Nc3 Nf6 4. Bg5 dxe4 5. Nxe4 Be7 6. Bxf6 gxf6 7. Nf3 f5 8.
Nc3 a6 9. Qe2 Qd6 10. g3 b5 11. Bg2 Bb7 12. O-O Nd7 13. Rfe1 Nf6 14. Rad1 Nd5
15. Nxd5 Bxd5 16. Ne5 O-O 17. Bxd5 Qxd5 18. c4 bxc4 19. Qxc4 Qxc4 20. Nxc4 Rfd8
21. Re2 Bf6 22. Red2 Rd5 23. Ne3 Rd7 24. d5 Rad8 25. b3 Bc3 26. Rd3 Ba5 27.
dxe6 Rxd3 28. Rxd3 Re8 29. e7 f6 30. Nxf5 Kf7 31. Rd8 Bb4 32. Rxe8 Kxe8 33. Kg2
Bxe7 34. Nxe7 Kxe7 35. Kf3 Ke6 36. Kf4 c5 37. g4 a5 38. Ke4 h6 39. f4 f5+ 40.
gxf5+ Kf6 41. a4 h5 42. h4  1-0

[Event "2. Bundesliga West 2017/18"]
[Site "Tirol"]
[Date "2017.10.14"]
[Round "2"]
[Board "6"]
[White "Schiestl, Josef"]
[Black "Mitterwald, Johannes"]
[Result "1-0"]
[WhiteElo "2125"]
[BlackElo "2189"]
[PlyCount "51"]
[EventDate "2017.10.13"]
[EventType "team"]
[EventRounds "11"]
[EventCountry "AUT"]
[WhiteTeam "Zillertal"]
[BlackTeam "Pradl"]

1. e4 c5 2. Nf3 d6 3. d4 cxd4 4. Nxd4 Nf6 5. Nc3 a6 6. Be3 Nbd7 7. Be2 e6 8. g4
h6 9. Qd2 b5 10. a3 Bb7 11. f3 Be7 12. O-O-O d5 13. exd5 Nxd5 14. Nxd5 Bxd5 15.
Rhe1 O-O 16. Kb1 b4 17. axb4 Rb8 18. b5 axb5 19. Nf5 Bf6 20. h4 Qc8 21. g5 Qa6
22. c4 bxc4 23. gxf6 c3 24. Ne7+ Kh7 25. Qc2+ g6 26. Bxa6  1-0

[Event "2. Bundesliga West 2017/18"]
[Site "Tirol"]
[Date "2017.10.14"]
[Round "2"]
[Board "1"]
[White "Spornberger, Andre"]
[Black "Fedorovsky, Michael"]
[Result "0-1"]
[WhiteElo "2355"]
[BlackElo "2478"]
[PlyCount "78"]
[EventDate "2017.10.13"]
[EventType "team"]
[EventRounds "11"]
[EventCountry "AUT"]
[WhiteTeam "Rochade Rum"]
[BlackTeam "Jenbach 2"]

1. d4 Nf6 2. Bf4 d5 3. e3 c5 4. c3 Nc6 5. Nd2 e6 6. Ngf3 cxd4 7. exd4 Nh5 8.
Be3 Bd6 9. g3 O-O 10. Bd3 f5 11. Ne5 Nf6 12. Bf4 Qc7 13. Ndf3 Ng4 14. Qe2 Ngxe5
15. Nxe5 Nxe5 16. Bxe5 Bxe5 17. dxe5 b6 18. Qe3 a5 19. f4 Ba6 20. Bxa6 Rxa6 21.
a4 Qc5 22. Qd4 Rc8 23. Kd2 Ra7 24. Rhc1 Rac7 25. b3 Qc6 26. Rc2 h6 27. Kc1 b5
28. axb5 Qxb5 29. Ra3 Rb8 30. Kd2 Kh8 31. Qa4 Qc5 32. Qxa5 Rb5 33. Qa6 Rb6 34.
Qa5 Qf2+ 35. Kc1 Qe3+ 36. Kb2 d4 37. c4 Rcb7 38. c5 Rxb3+ 39. Ka2 Qd3  0-1

[Event "2. Bundesliga West 2017/18"]
[Site "Tirol"]
[Date "2017.10.14"]
[Round "2"]
[Board "2"]
[White "Reich, Thomas"]
[Black "Gatterer, Florian"]
[Result "1/2-1/2"]
[WhiteElo "2365"]
[BlackElo "2271"]
[PlyCount "84"]
[EventDate "2017.10.13"]
[EventType "team"]
[EventRounds "11"]
[EventCountry "AUT"]
[WhiteTeam "Jenbach 2"]
[BlackTeam "Rochade Rum"]

1. d4 d5 2. Nf3 Nf6 3. Bf4 c5 4. e3 cxd4 5. exd4 Nc6 6. c3 Bf5 7. Qb3 Qc8 8. h3
e6 9. g4 Bg6 10. Nbd2 Be7 11. Nh4 Be4 12. Nxe4 Nxe4 13. Nf3 Bd6 14. Bxd6 Nxd6
15. Bd3 Qc7 16. Qd1 O-O-O 17. Qe2 Kb8 18. O-O-O Nb4 19. Bb1 Rc8 20. a3 Nc6 21.
Bd3 Na5 22. Kb1 Ka8 23. Rc1 Qb6 24. Nd2 Rc7 25. Rc2 Re8 26. Re1 Rce7 27. f4 Nc6
28. Qg2 g6 29. g5 Na5 30. h4 Rc7 31. h5 Rec8 32. Rec1 Rc6 33. Qe2 Nb3 34. Nxb3
Qxb3 35. h6 b5 36. Qd1 Kb7 37. Re2 Qxd1 38. Rxd1 Kb6 39. Kc2 a5 40. Ra1 R6c7
41. Kd2 Ra7 42. Ke3 a4  1/2-1/2

[Event "2. Bundesliga West 2017/18"]
[Site "Tirol"]
[Date "2017.10.14"]
[Round "2"]
[Board "3"]
[White "Spornberger, Maximilian"]
[Black "Micheli, Carlo"]
[Result "1-0"]
[WhiteElo "2273"]
[BlackElo "2221"]
[PlyCount "59"]
[EventDate "2017.10.13"]
[EventType "team"]
[EventRounds "11"]
[EventCountry "AUT"]
[WhiteTeam "Rochade Rum"]
[BlackTeam "Jenbach 2"]

1. e4 e5 2. Nf3 Nc6 3. Bc4 Bc5 4. c3 Qe7 5. d3 Nf6 6. Bb3 d6 7. h3 Bb6 8. Nbd2
Be6 9. Bc2 d5 10. Qe2 O-O 11. Nf1 Rad8 12. Ng3 dxe4 13. dxe4 h6 14. Nh4 Qd7 15.
Qf3 Ne8 16. Nhf5 f6 17. O-O Nd6 18. Rd1 Ne7 19. Qg4 Bxf5 20. exf5 Kh8 21. Nh5
Ng8 22. Ba4 Qe7 23. Re1 Qf7 24. Bb3 Qd7 25. Be6 Qe7 26. Be3 Rfe8 27. Bxb6 axb6
28. Re3 Ra8 29. Rg3 g5 30. fxg6  1-0